Detalles MARC
| 000 -LIDER |
| fixed length control field |
02161nam a2200385 a 4500 |
| 001 - NÚMERO DE CONTROL |
| Identificador de número de control |
000029846 |
| 003 - IDENTIFICACDOR DE NÚMERO DE CONTROL |
| control field |
DO-SdBNP |
| 005 - DATE AND TIME OF LATEST TRANSACTION |
| control field |
20241015132719.0 |
| 007 - CAMPOS FIJOS DE DESCRIPCIÓN FÍSICA |
| fixed length control field |
000029846 |
| 008 - ELEMENTOS DE LONGITUD FIJA |
| fixed length control field |
110426s2008 dr 000 0 spa d |
| 020 ## - ISBN |
| International Standard Book Number |
9789945427356 |
| 040 ## - FUENTE DE CATALOGACIÓN |
| Agencia que crea de manera original el registro |
BPMSU |
| Idioma de catalogación |
spa |
| Agencia que realiza la transcripción |
BPMSU |
| 082 #4 - NÚMERO DE CLASIFICACIÓN DECIMAL DE DEWEY |
| Classification number |
RD868.4 |
| Item number |
H519o 2008 |
| Edition number |
22 |
| 100 1# - ASIENTO PRINCIPAL -- NOMBRE PERSONAL |
| Nombre personal |
Henríquez Ureña, Max, |
| Fechas asociadas con el nombre |
1885-1968. |
| 245 10 - MENCIÓN DE TITULO |
| Título |
Obras y apuntes / |
| Mención de responsabilidad |
Max Henríquez Ureña / revisión general José Rafael Lantigua. |
| 260 ## - PUBLICACIÓN, DISTRIBUCIÓN, ETC. (PIE DE IMPRENTA) |
| Lugar de publicación, distribución, etc |
Santo Domingo : |
| Nombre del editor, distribuidor, etc. |
Presidencia de la República Dominicana : |
| -- |
Ediciones de Cultura, |
| Fecha de publicación, distribución, etc |
2008-. |
| 300 ## - DESCRIPCIÓN FÍSICA |
| Extensión |
28 v. ; |
| Dimensiones |
23 cm. |
| 500 ## - NOTA GENERAL |
| Nota general |
Incluye índice onomástico |
| 500 ## - NOTA GENERAL |
| Nota general |
Incluye bibliografía y notas al pie de las páginas |
| 505 0# - NOTA DE CONTENIDO |
| Información miscelánea |
v. 1 |
| Título |
Documentos personales -- |
| Información miscelánea |
v. 2 |
| Título |
Educación -- |
| Información miscelánea |
v. 3 |
| Título |
Educación 2 -- |
| Información miscelánea |
v. 4 |
| Título |
Poesías 1 -- |
| Información miscelánea |
v.5 |
| Título |
Poesías 2 -- |
| Información miscelánea |
v.6 |
| Título |
Historia política -- |
| Información miscelánea |
v. 7 |
| Título |
Los Yankis en Santo Domingo -- |
| Información miscelánea |
v. 8 |
| Título |
Política internacional 1 -- |
| Información miscelánea |
v. 9 |
| Título |
Política internacional 2 -- |
| Información miscelánea |
v. 10 |
| Título |
Literatura no Hispánica 1 -- |
| Información miscelánea |
v. 11 |
| Título |
Literatura no Hispánica 2 -- |
| Información miscelánea |
v.12 |
| Título |
Literatura no Hispánica 3 -- |
| Información miscelánea |
v. 13 |
| Título |
Misceláneos -- |
| Información miscelánea |
v. 14 |
| Título |
José Martí y temas de la historia de Cuba 1 -- |
| Información miscelánea |
v.15 |
| Título |
José Martí y temas de la historia de Cuba 2 -- |
| Información miscelánea |
v. 16 |
| Título |
Letras de América 1 -- |
| Información miscelánea |
v. 17 |
| Título |
Letras de América 2 -- |
| Información miscelánea |
v. 18 |
| Título |
Letras de América 3 -- |
| Información miscelánea |
v. 20 |
| Título |
Escritores juveniles de cuentos -- |
| Información miscelánea |
v. 21 |
| Título |
Literatura Española -- |
| Información miscelánea |
v. 22 |
| Título |
Teatro 1 -- |
| Información miscelánea |
v. 23 |
| Título |
Teatro 2 -- |
| Información miscelánea |
v. 24 |
| Título |
Epistolario 1 -- |
| Información miscelánea |
v. 25 |
| Título |
Epistolario 2 -- |
| Información miscelánea |
v. 26 |
| Título |
Epistolario 3 -- |
| Información miscelánea |
v. 27 |
| Título |
Gramática -- |
| Información miscelánea |
v. 28 |
| Título |
Música -- |
| 590 ## - NOTA LOCAL |
| Texto de la nota local |
Inventariado, 2024/VM |
| 600 14 - ENCABEZAMIENTO DE MATERIA--NOMBRE PERSONAL |
| Nombre personal |
Henríquez Ureña, Max |
| Fechas asociadas con el nombre |
1885-1968 |
| Subdivisión temática general |
Colecciones de escritos |
| 600 14 - ENCABEZAMIENTO DE MATERIA--NOMBRE PERSONAL |
| Nombre personal |
Henríquez Ureña, Max |
| Fechas asociadas con el nombre |
1885-1968 |
| Subdivisión temática general |
Correspondencia, memorias, etc. |
| 600 14 - ENCABEZAMIENTO DE MATERIA--NOMBRE PERSONAL |
| Nombre personal |
Martí, José |
| Fechas asociadas con el nombre |
1853-1895 |
| 650 #4 - ENCABEZAMIENTO DE MATERIA--TEMÁTICO |
| Término temático o nombre geográfico como elemento de entrada |
Literatura |
| Subdivisión temática general |
Historia y crítica |
| 651 #4 - ENCABEZAMIENTO DE MATERIA--NOMBRE GEOGRÁFICO |
| Nombre geográfico |
Cuba |
| Subdivisión temática general |
Historia |
| 700 1# - ASIENTO SECUNDARIO -- NOMBRE PERSONAL |
| Nombre personal |
Lantigua, José Rafael |
| 910 ## - VALIDACIÓN |
| Validación |
VMateo V. Control de calidad BPMSU |
| 930 #1 - EQUIVALENCE OR CROSS-REFERENCE-UNIFORM TITLE HEADING [LOCAL, CANADA] |
| Language of a work |
|
| Medium of performance for music |
|
| Field link and sequence number |
|
| Date of a work |
|
| Name of part/section of a work |
|
| Miscellaneous information |
|
| 942 ## - ADDED ENTRY ELEMENTS (KOHA) |
| Source of classification or shelving scheme |
Dewey Decimal Classification |
| Koha item type |
Libros |
| 956 ## - LOCAL ELECTRONIC LOCATION AND ACCESS (OCLC) |
| Nombre de host |
|
| Número de acceso |
|
| Información de compresión |
|
| Inicio de sesión |
|
| Procesador de solicitud |
|
| 956 ## - LOCAL ELECTRONIC LOCATION AND ACCESS (OCLC) |
| Nombre de host |
|
| Número de acceso |
|
| Información de compresión |
|
| Inicio de sesión |
|
| Procesador de solicitud |
|
| 956 ## - LOCAL ELECTRONIC LOCATION AND ACCESS (OCLC) |
| Nombre de host |
|
| Número de acceso |
|
| Información de compresión |
|
| Inicio de sesión |
|
| Procesador de solicitud |
|
| 956 ## - LOCAL ELECTRONIC LOCATION AND ACCESS (OCLC) |
| Nombre de host |
VMATEO |
| Número de acceso |
10 |
| Información de compresión |
20150811 |
| Inicio de sesión |
BPMSU |
| Procesador de solicitud |
00151 |